000 00866nam a2200265Ia 4500
003 OSt
005 20220928130541.0
006 a|||||r|||| 00| 0
007 ta
008 220927b |||||||| |||| 00| 0 eng d
020 _c2861.9162999999999
024 _a112795
037 _b032, 19/10/2011, Aviva Books Company
_cTextual
040 _aSDCL
_cSDCL
_beng
041 _2eng
_aeng
082 _aX:328, Q1
100 _aNwankwo Sonny Ed.
_9474479
245 0 _aEntrepreneurship marketing
_b Principles and practice of SME marketing.
260 _aLondon
_bRoutledge
_c2011
300 _axxi,457p.
_ccm.
650 _aApplied Operation Research
700 _a Gbadamosi Ayantunji Ed.
_9474480
942 _hX:328, Q1
_cTEXL
_2CC
999 _c787056
_d787056